Kỹ thuật nuôi cá trê vàng lai

Spremljeno u:
Bibliografski detalji
Glavni autor: Bạch, Thị Huỳnh Mai
Format: Knjiga
Jezik:Undetermined
Izdano: Hà Nội Nông nghiệp 2004
Teme:
Oznake: Dodaj oznaku
Bez oznaka, Budi prvi tko označuje ovaj zapis!
Thư viện lưu trữ: Trung tâm Học liệu Trường Đại học Cần Thơ
LEADER 00549nam a2200193Ia 4500
001 CTU_63216
008 210402s9999 xx 000 0 und d
020 |b 6000 
082 |a 639.31 
082 |b M103 
100 |a Bạch, Thị Huỳnh Mai 
245 0 |a Kỹ thuật nuôi cá trê vàng lai 
245 0 |c Bạch Thị Huỳnh Mai 
260 |a Hà Nội 
260 |b Nông nghiệp 
260 |c 2004 
650 |a Fish-culuture,Freshwater-fishes 
904 |i Mai Loan 
980 |a Trung tâm Học liệu Trường Đại học Cần Thơ